000 00831nam a22002417a 4500
005 20240530110405.0
008 150201s2010 ua d g 000 0 ara d
017 _a2009/3840
_bمصر . دار الكتب المصرية
020 _a9774380567
040 _aEG-CaGPL
041 0 _aara
082 0 4 _221
_a658.1552\
_bم ف
100 0 _aمنصور البديوى
245 1 0 _aفى نظم قياس التكلفة :
_bمنصور البديوى ، رشيد الجمال
260 _aالاسكندرية :
_bالمكتب الجامعى الحديث ،
_c2010
300 _a399 ص ؛
_c24 سم
650 0 4 _aالتكاليف
650 0 4 _aالتكاليف
_xمقاييس
650 0 4 _aمحاسبة التكاليف
700 0 _aرشيد الجمال
942 _2ddc
_cBK
999 _c60336
_d60336